=LDR 00000nam 2200000 4500 =001 INLIS000000000022844 =005 20130612121547 =008 ***********************************Ind** =035 ##$$0010-061300000022844 =041 ##$$a Ind =082 ##$$a 521.1 =090 ##$$a 521.1, Woo j =100 ##$$a Woodford, Chris =245 ##$$a Jejak sejarah sains grafitasi, Chris Woodford =260 ##$$a 2006 $b Jakarta =300 ##$$a 40 hlm, ilus, 21 cm =650 ##$$a Grafitasi =850 ##$$a NBPNMAT